[Event "XVIII Kochan Mem"]
[Site "Koszalin POL"]
[Date "2007.08.10"]
[Round "6"]
[White "Krzyzanowski,M"]
[Black "Sokolowski,Ry"]
[Result "1/2-1/2"]
[WhiteElo "2206"]
[BlackElo "2089"]

1.e4 c5 2.Nf3 e6 3.d4 cxd4 4.Nxd4 a6 5.Bd3 Nf6 6.O-O Qc7 7.c4 d6 8.Nc3 g6
9.Qe2 Bg7 10.Rd1 O-O 11.h3 Nc6 12.Nf3 Nd7 13.Bf4 Nde5 14.Rac1 b6 15.Be3 Bb7
16.Nd5 Nxf3+ 17.Qxf3 exd5 18.cxd5 Qd7 19.dxc6 Bxc6 20.Bxb6 Bxb2 21.Rb1 Be5
22.Bc4 Bb5 23.Bd5 Rac8 24.Rdc1 Kg7 25.Qe3 Rxc1+ 26.Rxc1 Rc8 27.Rxc8 Qxc8
28.f4 Bb2 29.Kh2 f6 30.Bd4 Bc1 31.Qf2 Qc7 32.g3 h5 33.e5 dxe5 34.fxe5 fxe5
35.Bc5 Kh7 36.Qf8 Qg7 37.Qb8 Bh6 38.Bd6 e4 39.Be5 Qf8 40.Qa7+ Bg7 41.Bxe4 Bc4
42.Kg2 Qf1+ 43.Kh2 Qe2+ 44.Kg1 Qe1+ 45.Kh2 Qe2+ 46.Kg1  1/2-1/2

[Event "5th Staunton Mem"]
[Site "London ENG"]
[Date "2007.08.10"]
[Round "4"]
[White "Smeets,J"]
[Black "McNab,C"]
[Result "1-0"]
[WhiteElo "2538"]
[BlackElo "2416"]

1.e4 c5 2.Nf3 e6 3.d4 cxd4 4.Nxd4 a6 5.Bd3 Bc5 6.Nb3 Be7 7.Qg4 Bf6 8.Qg3 Nc6
9.Nc3 Nge7 10.h4 d6 11.Be3 Qc7 12.O-O-O Nb4 13.Kb1 Bd7 14.a3 Nbc6 15.Na4 Ne5
16.Nb6 Rd8 17.f4 Nxd3 18.cxd3 d5 19.Nxd7 Qxd7 20.Bb6 Rc8 21.e5 Nf5 22.Qf2 Bxh4
23.Rxh4 Qb5 24.Rhh1 Qxb3 25.g4 d4 26.gxf5 Qxb6 27.Rc1 Rc6 28.Qg3 g6 29.Rxc6 bxc6
30.fxg6 fxg6 31.Qh3 c5 32.Qh6 Qb7 33.Rc1 Qb5 34.Qg7 Rf8 35.Qc7 Qd7 36.Qxc5 Rxf4
37.Qb6 Rf2 38.Qb8+ Ke7 39.Rc7 Rf1+ 40.Ka2  1-0

[Event "Open"]
[Site "Callao PER"]
[Date "2007.08.11"]
[Round "5"]
[White "Sierra,M"]
[Black "Felgaer,R"]
[Result "1/2-1/2"]
[WhiteElo "2248"]
[BlackElo "2559"]

1.e4 c5 2.Nf3 e6 3.d4 cxd4 4.Nxd4 a6 5.Bd3 Bc5 6.Nb3 Ba7 7.O-O Ne7 8.N1d2 Nbc6
9.Qh5 Qc7 10.Nf3 Ng6 11.Bd2 d6 12.Kh1 O-O 13.Ng5 h6 14.f4 Qe7 15.f5 Nce5
16.f6 gxf6 17.Nh3 Bd7 18.Bxh6 Rfc8 19.Qe2 Bb5 20.Bxb5 axb5 21.Nf4 Kh7 22.Qh5 Kg8
23.Qe2 Kh7 24.Qh5 Kg8  1/2-1/2

[Event "XVIII Kochan Mem"]
[Site "Koszalin POL"]
[Date "2007.08.11"]
[Round "7"]
[White "Zentgraf,R"]
[Black "Warakomska,A"]
[Result "0-1"]
[WhiteElo "2114"]
[BlackElo "2135"]

1.e4 c5 2.Nf3 e6 3.d4 cxd4 4.Nxd4 a6 5.Bd3 Nf6 6.O-O Qc7 7.Qe2 d6 8.c4 g6
9.b3 Bg7 10.Bb2 O-O 11.Na3 Nbd7 12.Rad1 b6 13.Bb1 Bb7 14.Ndb5 axb5 15.Nxb5 Qb8
16.Rxd6 Bc8 17.Rfd1 e5 18.g4 h6 19.h4 Qb7 20.g5 hxg5 21.hxg5 Nh5 22.Qe3 Nc5
23.Nc3 Be6 24.b4 Na4 25.Nxa4 Rxa4 26.Rxb6 Qe7 27.c5 Nf4 28.Kf1 Bc4+ 29.Bd3 Nxd3
30.Rxd3 Rd8  0-1

[Event "17th Chess Festival"]
[Site "Abu Dhabi UAE"]
[Date "2007.08.12"]
[Round "1"]
[White "Udeshi,A"]
[Black "Moradiabadi,E"]
[Result "0-1"]
[WhiteElo "2307"]
[BlackElo "2540"]

1.e4 c5 2.Nf3 e6 3.d4 cxd4 4.Nxd4 a6 5.Bd3 Qb6 6.Nb3 Qc7 7.O-O Nf6 8.Be3 Nc6
9.f4 d6 10.a3 b5 11.Nc3 Be7 12.Qf3 Bb7 13.Bd2 O-O 14.Kh1 b4 15.axb4 Nxb4
16.Nb5 axb5 17.Bxb4 d5 18.e5 Bxb4 19.exf6 g6 20.c3 Rxa1 21.Rxa1 Bd6 22.Bxb5 Bxf4
23.Ra7 Ra8 24.Rxa8+ Bxa8 25.h3 Qe5 26.Nc5 Qxf6 27.Nd7 Qh4 28.b4 Kg7 29.Bf1 e5
30.b5 e4 31.Qe2 Qg3 32.Kg1 e3  0-1

[Event "FSIMA August"]
[Site "Budapest HUN"]
[Date "2007.08.12"]
[Round "7"]
[White "Kadziolka,B"]
[Black "Strunski,A"]
[Result "1-0"]
[WhiteElo "2287"]
[BlackElo "2203"]

1.e4 c5 2.Nf3 e6 3.d4 cxd4 4.Nxd4 a6 5.Bd3 Nc6 6.Nxc6 dxc6 7.Nd2 e5 8.Qh5 Bd6
9.Nc4 Nf6 10.Qe2 O-O 11.Bg5 Bc7 12.O-O-O b5 13.Ne3 Qe7 14.g4 Qe6 15.Nf5 Bd7
16.Qf3 c5 17.Kb1 c4 18.Bxc4 bxc4 19.Bxf6 gxf6 20.Qh3 Rab8 21.Qh6 Rxb2+ 22.Kxb2 Qb6+
23.Kc1 Bxf5 24.gxf5  1-0

[Event "Open"]
[Site "Callao PER"]
[Date "2007.08.12"]
[Round "6"]
[White "Zapata,K"]
[Black "Enriquez,M"]
[Result "1-0"]
[WhiteElo "1885"]
[BlackElo "2243"]

1.e4 c5 2.Nf3 e6 3.d4 cxd4 4.Nxd4 a6 5.Bd3 b5 6.O-O Bb7 7.a4 b4 8.a5 Ne7
9.Be3 Nec6 10.Nb3 d6 11.N1d2 Nd7 12.f4 Be7 13.Qg4 O-O 14.Nc4 g6 15.Rfd1 Qc7
16.Qh3 d5 17.Nb6 Nxb6 18.axb6 Qc8 19.exd5 exd5 20.Qxc8 Rfxc8 21.Be2 Rd8 22.Bf3 a5
23.Bxd5 a4 24.Nc5 Bxc5 25.Bxc5 b3 26.cxb3 axb3 27.Rxa8 Bxa8 28.Bxb3 Rxd1+
29.Bxd1 Nd8 30.Be7 Nc6 31.Bf3 Bb7 32.b4 f5 33.Bd5+ Kg7 34.Kf2 h6 35.Ke1 Nd8
36.Bc4 Nc6 37.Bc5 g5 38.g3 Kf6 39.Kd2 Nd8 40.Ke3 Ne6 41.h4 gxf4+ 42.gxf4 h5
43.Be2 Kg6 44.Bd6 Be4 45.Bc7 Bb7 46.Bf3 Bc8 47.Kd3 Ba6+ 48.Kc3 Kf7 49.b5 Bc8
50.Bxh5+ Ke7 51.Bf3  1-0

[Event "It"]
[Site "Kemerovo RUS"]
[Date "2007.08.12"]
[Round "10"]
[White "Iwasaki,Y"]
[Black "Sazhinov,A"]
[Result "0-1"]
[WhiteElo "2138"]
[BlackElo "2270"]

1.e4 c5 2.Nf3 e6 3.d4 cxd4 4.Nxd4 a6 5.Bd3 Qc7 6.Nc3 b5 7.a3 Bb7 8.Qe2 d6
9.O-O Nf6 10.Kh1 Be7 11.f4 Nc6 12.Be3 O-O 13.Rae1 Nd7 14.Nb3 b4 15.Nb1 Nc5
16.Nxc5 dxc5 17.c3 Rfd8 18.e5 g6 19.Nd2 bxc3 20.bxc3 Na5 21.Ne4 c4 22.Bc2 Bxe4
23.Bxe4 Rab8 24.Qf2 Bxa3 25.Re2 Nb3 26.Ra2 Qe7 27.g4 Bc5 28.Rxa6 Rd2 29.Qg3 Bxe3
30.Qxe3 Qh4 31.Qg1 Nc5 32.Ra8 Rxa8 33.Bxa8 Nd3 34.Qg3 Nf2+ 35.Kg1 Qxg3+ 36.hxg3 Nxg4
37.Bb7 Rd3 38.Rf3 Ne3 39.Kf2 Nd1+ 40.Kg2 Rxc3 41.Rxc3 Nxc3 42.Ba6 Nd1 43.Kf3 c3
44.Bd3 Nb2 45.Be4 Nc4 46.Ke2 Na3 47.Kd1 Kg7 48.g4 h5 49.gxh5 gxh5 50.f5 h4
51.f6+ Kh6 52.Bg2 Kg5 53.Bh3 Kf4 54.Bxe6 Kxe5 55.Bxf7 Kxf6 56.Bd5 h3 57.Be4 Ke5
58.Bb7 Kf4 59.Ke2 c2 60.Kd2 h2 61.Bh1 Kg3  0-1

[Event "Petrovskaya Ladya IM1"]
[Site "Peterhof RUS"]
[Date "2007.08.13"]
[Round "13"]
[White "Eliseev,Alexe"]
[Black "Kaliberda,V"]
[Result "0-1"]
[WhiteElo "2421"]
[BlackElo "2337"]

1.e4 c5 2.Nf3 e6 3.d4 cxd4 4.Nxd4 a6 5.Bd3 Nf6 6.O-O d6 7.c4 Nbd7 8.Nc3 Qc7
9.Be3 b6 10.Rc1 Bb7 11.Bb1 Be7 12.Qe2 O-O 13.f4 Rac8 14.b3 Qb8 15.f5 e5 16.Nf3 b5
17.Nd5 Bd8 18.Kh1 Bxd5 19.cxd5 Bb6 20.Bd2 Rxc1 21.Rxc1 Rc8 22.Rc6 Qb7 23.Rxc8+ Qxc8
24.h3 Nh5 25.Kh2 Qc5 26.b4 Qf2 27.Qxf2 Bxf2 28.Bd3 Nb6 29.Be1 Bxe1 30.Nxe1 Kf8
31.Nc2 Na4 32.g3 Nc3 33.Kg2 Nxa2 34.Kf3 Nc3 35.h4 Ke7 36.Ne3 Na2 37.Nc2 Kd8
38.Bf1 Kc7 39.g4 Nf4 40.Ke3 Nc3 41.g5 Kb6 42.Ne1 f6 43.Kf3 a5 44.Nc2 Na2
45.bxa5+ Kxa5 46.Ne3 Kb6 47.Ng4 Nh5 48.Ke3 Kc5 49.Be2 Nc1 50.Bd1 b4 51.Kd2 Na2
52.Nf2 Ng3 53.Bb3 Nc3 54.Ke3 Kb5 55.g6 h5 56.Bc2 Nf1+ 57.Kd3 Ng3 58.Ke3 Kc5
59.Nd3+ Kb5 60.Nf2 Ka5 61.Bd3 b3 62.Kf3 Nge2 63.Bxe2 Nxe2 64.Nd3 Nc3 65.Ke3 Kb5  0-1

[Event "RC Sport Open"]
[Site "Ceska Trebova CZE"]
[Date "2007.08.16"]
[Round "8"]
[White "Pacher,M"]
[Black "Manik,M"]
[Result "1/2-1/2"]
[WhiteElo "2255"]
[BlackElo "2457"]

1.e4 c5 2.Nf3 e6 3.d4 cxd4 4.Nxd4 a6 5.Bd3 g6 6.O-O Bg7 7.Be3 Ne7 8.c4 O-O
9.Nc3 Nbc6 10.Nxc6 bxc6 11.c5 f5 12.Qd2 fxe4 13.Bxe4 Rb8 14.Bg5 Rf7 15.Bxc6 h6
16.Bxe7 Qxe7 17.Be4 g5 18.Rac1 Qxc5 19.Bg6 Rf8 20.Bb1 Qe7 21.Qd3 Be5 22.b3 Qg7
23.Ne4 Bf4 24.Rcd1 Rb5 25.Qc2 Bb7 26.Nd6 Bxd6 27.Rxd6 Rc8  1/2-1/2

[Event "TCh-ESP CECLUB Norte Div 1"]
[Site "Sabadell ESP"]
[Date "2007.08.17"]
[Round "4"]
[White "Almeida Toledano,D"]
[Black "Vidarte Morales,A"]
[Result "1-0"]
[WhiteElo "2254"]
[BlackElo "2404"]

1.e4 c5 2.Nf3 e6 3.d4 cxd4 4.Nxd4 a6 5.Bd3 Bc5 6.Nb3 Be7 7.Be3 d6 8.N1d2 Nf6
9.f4 Qc7 10.Qe2 Nbd7 11.O-O-O h5 12.Kb1 b5 13.Bf2 Bb7 14.h3 h4 15.Nf3 d5
16.e5 Ne4 17.Bxe4 dxe4 18.Nfd2 f5 19.exf6 Nxf6 20.Bd4 Rc8 21.c3 Qxf4 22.Rhf1 Qg3
23.Bxf6 gxf6 24.Nxe4 Qe5 25.Rfe1 Bxe4+ 26.Qxe4 Qxe4+ 27.Rxe4 e5 28.Nd2 Rd8
29.Kc2 Rg8 30.Re2 Rc8 31.a3 Kf7 32.Rf1 Kg6 33.Re4 Kf7 34.Rf2 Bc5 35.Rfe2 Bd6
36.Nf3 Rc4 37.Rxc4 bxc4 38.Nxh4 Ke6 39.g4 Rh8 40.Ng2 Kd7 41.h4 Kc6 42.Rf2 Be7
43.h5 Kd7 44.Nh4 Ke6 45.Ng6 Rh6 46.Rd2 Bc5 47.Rd8 Be3 48.Ra8 Kd5 49.Ne7+ Kc5
50.Nf5 Kd5 51.Rxa6 Rh8 52.Nxe3+ Ke4 53.Nf5 Kf4 54.Rxf6 Kxg4 55.Ne3+ Kg5 56.Rf5+  1-0

[Event "Independence Cup A"]
[Site "Kyiv UKR"]
[Date "2007.08.18"]
[Round "6"]
[White "Chernozem,S"]
[Black "Ivanenko,O1"]
[Result "0-1"]
[WhiteElo "2098"]
[BlackElo "2104"]

1.e4 c5 2.Nf3 e6 3.d4 cxd4 4.Nxd4 a6 5.Bd3 Qc7 6.O-O Nf6 7.Kh1 d5 8.exd5 Nxd5
9.f4 Bc5 10.Nb3 Bd6 11.f5 exf5 12.Bxf5 Bxf5 13.Rxf5 Ne7 14.Rf1 O-O 15.Nc3 Bxh2
16.Bg5 f6 17.Qh5 Be5 18.Bd2 Nd7 19.Rf3 g6 20.Qh6 Rf7 21.Raf1 Raf8 22.Bf4 Bxf4
23.Rxf4 f5 24.Nd4 Qb6 25.b3 Rc8 26.Nce2 Nd5 27.R4f3 Ne5 28.Rg3 Rcf8 29.c4 Ne7
30.Qf4 Qf6 31.Nc3 N5c6 32.Nxc6 Nxc6 33.Nd5 Qe5 34.Qh4 f4 35.Rh3 g5 36.Qg4 Qf5
37.Qd1 Qg6 38.Qg4 Qf5 39.Qd1 Qg6 40.Qg4 Ne5 41.Qe2 Nc6 42.Qg4 Ne5 43.Qe2 Nc6
44.Qg4 Ne7 45.Rd1 Nf5 46.Kg1 Ng3 47.Re1 h5 48.Qd1 Qg7 49.Rxh5 Nxh5 50.Qxh5 f3
51.gxf3 Qd4+ 52.Re3 Qh4 53.Qxh4 gxh4 54.f4 Rg7+ 55.Kf2 Kh8 56.Rh3 Rh7 57.Kf3 Kg7
58.Kg4 Kg6 59.a4 Kf7 60.f5 Rg8+ 61.Kf4 Rg1 62.f6 Rf1+ 63.Kg5 Rg1+ 64.Kf4 Rf1+
65.Kg5 Rh8 66.Nf4 Rg8+ 67.Kf5 Rh8 68.Kg5 Rg8+ 69.Kf5 Rh8 70.Rd3 Rxf4+ 71.Kxf4 h3
72.Rd1 h2 73.Rh1 Kxf6 74.Kg3 Ke5 75.Kg2 Rg8+ 76.Kh3 Rh8+ 77.Kg2 Kd4 78.Rd1+ Kc3
79.Kh1 Rh7 80.c5 Kxb3 81.Rd4 Rc7 82.Kxh2 Rxc5 83.Kg3 Rc4 84.Rd2 Rb4 85.a5 Ka4
86.Rd5 Rb5  0-1

[Event "17th Chess Festival"]
[Site "Abu Dhabi UAE"]
[Date "2007.08.19"]
[Round "8"]
[White "Durarbeyli,V"]
[Black "Ghaem Maghami,E"]
[Result "1/2-1/2"]
[WhiteElo "2416"]
[BlackElo "2610"]

1.e4 c5 2.Nf3 e6 3.d4 cxd4 4.Nxd4 a6 5.Bd3 Nf6 6.O-O d6 7.Qe2 Be7 8.c4 O-O
9.Nc3 Nc6 10.Nxc6 bxc6 11.Be3 c5 12.Rad1 Qc7 13.f4 Bb7 14.Bc1 Nd7 15.Bc2 Rad8
16.Qd3 Rfe8 17.b3 Nf8 18.Ne2 d5  1/2-1/2

[Event "Open A"]
[Site "Polanica Zdroj POL"]
[Date "2007.08.19"]
[Round "3"]
[White "Czarnota,D"]
[Black "Kuciel,W"]
[Result "1-0"]
[WhiteElo "2243"]
[BlackElo "2162"]

1.e4 c5 2.Nf3 e6 3.d4 cxd4 4.Nxd4 a6 5.Bd3 Nf6 6.O-O e5 7.Nb3 Nc6 8.a4 d5
9.exd5 Nxd5 10.Re1 Be7 11.Nc3 Nxc3 12.bxc3 O-O 13.Bb2 Be6 14.c4 Qc7 15.Qe2 Bb4
16.Rf1 Rfe8 17.Rad1 f6 18.Be4 Nd4 19.Nxd4 exd4 20.Rxd4 Bd6 21.Qh5 f5 22.Bxf5 Bxf5
23.Qxf5 Bxh2+ 24.Kh1 Qe5 25.Qd7 Bf4 26.Rxf4 Qxb2 27.Qf7+ Kh8 28.Rd1 Qxc2
29.Rd7 Rg8 30.Rxb7 Qxa4 31.Kh2 Qc6 32.g3 a5 33.Rc7 Qh6+ 34.Rh4 Qc1 35.Qg6 h6
36.f4 Qb2+ 37.Kh3  1-0

[Event "TCh-ESP CECLUB Norte Div 1"]
[Site "Sabadell ESP"]
[Date "2007.08.19"]
[Round "6"]
[White "De la Riva Aguado,O"]
[Black "Flores,Di"]
[Result "1/2-1/2"]
[WhiteElo "2533"]
[BlackElo "2560"]

1.e4 c5 2.Nf3 e6 3.d4 cxd4 4.Nxd4 a6 5.Bd3 Qc7 6.O-O Nf6 7.Qe2 d6 8.c4 g6
9.Nc3 Bg7 10.Rd1 O-O 11.Nf3  1/2-1/2

[Event "Epetium Open"]
[Site "Stobrec CRO"]
[Date "2007.08.20"]
[Round "3"]
[White "Milosavljevic,J"]
[Black "Plenkovic,Z"]
[Result "0-1"]
[WhiteElo "2068"]
[BlackElo "2341"]

1.e4 c5 2.Nf3 e6 3.d4 cxd4 4.Nxd4 a6 5.Bd3 Nc6 6.Nxc6 dxc6 7.O-O e5 8.Nd2 b5
9.a4 Bb7 10.Qh5 Bd6 11.Kh1 Nf6 12.Qh4 O-O 13.Re1 Nd7 14.Qxd8 Rfxd8 15.Nb3 Nc5
16.Nxc5 Bxc5 17.Be3 Bxe3 18.Rxe3 b4 19.b3 a5 20.Kg1 Kf8 21.Kf1 Bc8 22.Bc4 Ke7
23.Ke2 Rd4 24.Rd1 c5 25.Rxd4 cxd4 26.Rg3 g6 27.Kd2 Bb7 28.f3 Rc8 29.h4 Bc6
30.h5 Kf6 31.hxg6 hxg6 32.Rh3 Kg7 33.g4 Bxa4 34.Kd3 Bd7 35.Rh1 Be6 36.Ra1 Bxc4+
37.bxc4 Rc5 38.g5 f6 39.gxf6+ Kxf6 40.f4 exf4 41.Kxd4 Rh5 42.c5 Ke6 43.Rxa5 Rh2
44.Ra6+ Kf7 45.e5 Rxc2 46.Rf6+ Kg7 47.Kd5 g5 48.Rb6 f3 49.Rxb4 f2 50.Rb1 g4
51.Ke4 Re2+ 52.Kf5 g3 53.e6 g2  0-1

[Event "ch-Euro IBCA"]
[Site "Durham ENG"]
[Date "2007.08.21"]
[Round "7"]
[White "Crouch,C"]
[Black "Ross,C"]
[Result "1-0"]
[WhiteElo "2370"]
[BlackElo "2133"]

1.e4 c5 2.Nf3 e6 3.d4 cxd4 4.Nxd4 a6 5.Bd3 Qc7 6.O-O Nf6 7.Qe2 d6 8.b3 Nbd7
9.c4 b6 10.Nc3 Bb7 11.Bb2 g6 12.Rae1 Bg7 13.Nd5 Qd8 14.Nxf6+ Bxf6 15.f4 e5
16.fxe5 dxe5 17.Nc2 Nc5 18.Nb4 O-O 19.Bc2 Bg7 20.Rd1 Qe7 21.Nd5 Bxd5 22.exd5 f5
23.b4 Nd7 24.d6 Qh4 25.g3 Qg5 26.c5 bxc5 27.bxc5 f4 28.c6 Nb6 29.Bb3+ Kh8
30.Qg2 e4 31.Bxg7+ Kxg7 32.Qxe4 fxg3 33.Qd4+ Kh6 34.h4 Rxf1+ 35.Rxf1 Qb5
36.Qe3+ Kg7 37.Rf7+  1-0

[Event "Open A"]
[Site "Polanica Zdroj POL"]
[Date "2007.08.21"]
[Round "5"]
[White "Krupa,K"]
[Black "Kuciel,W"]
[Result "0-1"]
[WhiteElo "2116"]
[BlackElo "2162"]

1.e4 c5 2.Nf3 e6 3.d4 cxd4 4.Nxd4 a6 5.Bd3 Nf6 6.O-O d6 7.Nc3 b5 8.a4 b4
9.Na2 e5 10.Ne2 Bb7 11.Ng3 Nc6 12.Bd2 d5 13.exd5 Qxd5 14.Re1 Be7 15.Ne4 Rd8
16.Qf3 Kf8 17.Bg5 Nd4 18.Qh3 Qc6 19.Bxf6 gxf6 20.Qh6+ Ke8 21.Qg7 Rf8 22.c3 Ne6
23.Qg3 Nf4 24.Bf1 f5 25.Ng5 f6 26.Nh3 Ne6 27.Nxb4 Bxb4 28.cxb4 Kf7 29.b5 Qb6
30.Qh4 Rg8 31.Qh5+ Rg6 32.a5 Qc7 33.Rec1 Qd6 34.Rd1 Nd4 35.Qxh7+ Rg7 36.Qh5+ Ke7
37.Qh6 Rdg8 38.Qe3 Rxg2+ 39.Bxg2 Bxg2 40.f4 Bxh3+  0-1

[Event "1st Serbian League Men"]
[Site "Zlatibor SRB"]
[Date "2007.08.21"]
[Round "1"]
[White "Martinovic,Sl"]
[Black "Strikovic,A"]
[Result "1-0"]
[WhiteElo "2447"]
[BlackElo "2567"]

1.e4 c5 2.Nf3 e6 3.d4 cxd4 4.Nxd4 a6 5.Bd3 Nf6 6.O-O d6 7.c4 g6 8.Nc3 Bg7
9.Nf3 Nc6 10.Bf4 Ng4 11.Qd2 O-O 12.Rfd1 Nge5 13.Be2 Nxf3+ 14.Bxf3 Nd4 15.Be2 e5
16.Bg5 Bf6 17.Be3 Be6 18.Rac1 Rc8 19.b3 Bg7 20.Bf1 f5 21.exf5 Nxf5 22.Bd3 Nxe3
23.Qxe3 Kh8 24.Be4 Bf6 25.Qd3 Bg5 26.Rc2 Rc7 27.Qxd6 Rd7 28.Qxe5+ Bf6 29.Rxd7 Qxd7
30.Qg3 b5 31.Nd5 Bd4 32.Rd2 Qg7 33.Qd3 Bc5 34.g3 bxc4 35.bxc4 Qe5 36.Kg2 Kg7
37.h4 g5 38.hxg5 Qxg5 39.Nc7 Bg4 40.f3 Bc8 41.Qc3+ Kh6 42.Rd1 Bf5 43.Rh1+ Kg6
44.Ne6  1-0

[Event "Dato Arthur Tan Malaysian Op"]
[Site "Kuala Lumpur MAS"]
[Date "2007.08.22"]
[Round "6"]
[White "Lane,G"]
[Black "Chandler,M"]
[Result "1-0"]
[WhiteElo "2412"]
[BlackElo "2540"]

1.e4 c5 2.Nf3 e6 3.d4 cxd4 4.Nxd4 a6 5.Bd3 Bc5 6.Nb3 Be7 7.O-O Nc6 8.Qg4 Nf6
9.Qxg7 Rg8 10.Qh6 Ne5 11.f3 b5 12.Nc3 Bb7 13.Qe3 Qc7 14.a3 Rg6 15.Ne2 Bd6
16.Nf4 Nxd3 17.cxd3 Bxf4 18.Qxf4 Qc2 19.Nd2 Qxd3 20.Rf2 d6 21.Nf1 e5 22.Qh4 Qb3
23.Bg5 Qe6 24.Rc1 Kd7 25.Rfc2 Ne8 26.Ng3 Rc8 27.Rxc8 Bxc8 28.Bd2 Bb7 29.Ba5 Qf6
30.Qxh7 d5 31.Qh3+ Qe6 32.Qh4 Qf6 33.Qxf6 Rxf6 34.exd5 Bxd5 35.Re1 Re6 36.Bc3 f6
37.Nf5 Nd6 38.Nxd6 Rxd6 39.h4 Ke6 40.Kf2 Rd7 41.g4 Bb7 42.Re3 Kf7 43.Kg3 Rd1
44.h5 Rg1+ 45.Kf2 Rd1 46.Kg2 Bc6 47.Kg3 Bb7 48.Kf2 Bc6 49.Ke2 Rh1 50.Kf2 Ra1
51.g5 Rh1 52.gxf6 Rxh5 53.Bxe5 Kg6 54.f4 Bd5 55.Rg3+ Kf5 56.Ke3 a5 57.Kd4 Bc4
58.Rg7 Rh8 59.Rg5+ Ke6 60.f5+ Kf7 61.Rg7+ Kf8 62.Bd6+ Ke8 63.Re7+ Kd8 64.Bc7+ Kc8
65.f7  1-0

[Event "15th Open"]
[Site "Nikea GRE"]
[Date "2007.08.23"]
[Round "1"]
[White "Tsomis,D"]
[Black "Rigopoulos,A"]
[Result "1/2-1/2"]
[WhiteElo "2201"]
[BlackElo "1883"]

1.e4 c5 2.Nf3 e6 3.d4 cxd4 4.Nxd4 a6 5.Bd3 Bc5 6.Nb3 Be7 7.O-O Qc7 8.Be3 Nf6
9.N1d2 d6 10.f4 Nbd7 11.Qe2 b6 12.Rae1 Bb7 13.c4 h5 14.h3 h4 15.Nd4 Nh5 16.Qg4 Ndf6
17.Qd1 Ng3 18.Rf2 Nfxe4 19.Nxe4 Bxe4 20.Bxe4 Nxe4 21.Rc2 Ng3 22.Bf2 O-O 23.f5 Nxf5
24.Nxf5 exf5 25.Qf3 Bf6 26.Qxf5 Rfe8 27.Rf1 Rac8 28.b3 Re6 29.Rd2 Rce8 30.Qg4 Re4
31.Qd1 R8e6 32.Qf3 Bg5 33.Rd5 Be3 34.Bxe3 Rxe3 35.Qg4 R3e4 36.Qd1 Qe7 37.Rdf5 Re1
38.Qd4 Rxf1+ 39.Rxf1 b5 40.Rf4 Rg6 41.Re4 Qg5 42.Rg4 Qc1+ 43.Kh2 Rxg4 44.Qxg4 bxc4
45.Qxc4 Qa1 46.Qc8+ Kh7 47.Qf5+ Kg8 48.Qc8+ Kh7 49.Qxa6 Qe5+ 50.Kg1  1/2-1/2

[Event "20th Open"]
[Site "Panevezys LTU"]
[Date "2007.08.23"]
[Round "8"]
[White "Klimciauskas,D"]
[Black "Dambrauskas,V"]
[Result "1-0"]
[WhiteElo "2162"]
[BlackElo "2336"]

1.e4 c5 2.Nf3 e6 3.d4 cxd4 4.Nxd4 a6 5.Bd3 Nf6 6.c4 Bc5 7.Nc2 b5 8.cxb5 axb5
9.O-O Ba6 10.b4 Be7 11.Nc3 Nc6 12.a3 Ne5 13.Bxb5 Nxe4 14.Nxe4 Bxb5 15.Nd6+ Bxd6
16.Qxd6 Bxf1 17.Qxe5 f6 18.Qg3 Bb5 19.Qxg7 Rf8 20.Nd4 Bd3 21.Bh6 Rf7 22.Qg3 Bg6
23.Nb5 d5 24.Nd6+ Ke7 25.Rc1 e5 26.Nxf7 Bxf7 27.h4 Rc8 28.Rxc8 Qxc8 29.b5 Qc2
30.Kh2 Qb1 31.h5 Bxh5 32.Qg7+ Ke6 33.Qg8+ Kd6 34.Bf8+ Kc7 35.Qxd5 Qc1 36.Qd6+ Kb7
37.Qa6+ Kc7 38.Qxf6 Qf4+ 39.Qxf4 exf4 40.a4 Kb6 41.Be7 Be2 42.Bd8+ Kc5 43.b6 Ba6
44.a5 Bb7 45.Bc7 Kb5 46.Bxf4 Kxa5 47.Bc7 Kb5 48.f4 Kc5 49.g4 Kd5 50.Kg3 Ke6
51.f5+ Kf6 52.Kf4 Bg2 53.g5+ Ke7 54.Ke5 Bb7 55.Bd6+ Kf7 56.Bc5  1-0

[Event "Dato Arthur Tan Malaysian Op"]
[Site "Kuala Lumpur MAS"]
[Date "2007.08.24"]
[Round "7"]
[White "Chandler,M"]
[Black "Wang Li"]
[Result "0-1"]
[WhiteElo "2540"]
[BlackElo "2337"]

1.e4 c5 2.Nf3 e6 3.d4 cxd4 4.Nxd4 a6 5.Bd3 Nf6 6.O-O Qc7 7.Qe2 d6 8.c4 g6
9.Nc3 Bg7 10.Nf3 O-O 11.Bf4 Nbd7 12.Rfd1 Nh5 13.Be3 b6 14.Qd2 Rd8 15.Be2 Bf8
16.Bg5 Re8 17.h3 Nhf6 18.Qf4 Nh5 19.Qd2 Nhf6 20.Nh2 h5 21.Rac1 Bb7 22.Qf4 Nh7
23.Bh6 Bxh6 24.Qxh6 Rad8 25.Qf4 Ne5 26.b3 Kg7 27.Nf1 Nf6 28.Ng3 Qb8 29.Qg5 Rh8
30.f4 Ned7 31.Bf3 h4 32.Nf1 Qc7 33.b4 Qxc4 34.a3 Rc8 35.Rxd6 Bxe4 36.Nd2 Qc7
37.Ndxe4 Nxe4 38.Nxe4 Qxc1+ 39.Rd1 Qe3+ 40.Kh2 Rc1 41.Rxc1 Qxc1 42.Nd6 Qd2
43.Nc4 Qd4 44.Ne5 Nxe5 45.fxe5 Rc8 46.Bb7 Rc3 47.Bxa6 Rxa3 48.Bb7 Ra1  0-1

[Event "Open A"]
[Site "Polanica Zdroj POL"]
[Date "2007.08.24"]
[Round "8"]
[White "Miroslaw,M"]
[Black "Stachowiak,K"]
[Result "0-1"]
[WhiteElo "2255"]
[BlackElo "2301"]

1.e4 c5 2.Nf3 e6 3.d4 cxd4 4.Nxd4 a6 5.Bd3 Nf6 6.O-O Qc7 7.Nc3 d6 8.Kh1 Be7
9.f4 Nbd7 10.Bd2 b5 11.a3 Bb7 12.Qe2 Rc8 13.Rae1 g6 14.e5 Nd5 15.exd6 Qxd6
16.Ne4 Qb6 17.Nf3 O-O 18.Ne5 Qc7 19.Ng3 N7f6 20.c4 bxc4 21.Bxc4 Qb6 22.f5 Bd6
23.fxg6 Bxe5 24.gxh7+ Nxh7 25.Qg4+ Bg7 26.Nh5 Qxb2 27.Rf6 Qxf6 28.Nxf6+ Nhxf6
29.Qh4 Rfd8 30.Bg5 Rd7 31.h3 Nh7 32.Bd3 Nxg5 33.Qxg5 Nf6 34.Re3 Rd5 35.Qf4 Rcd8
36.Be2 Rd4 37.Qc7 R4d7 38.Qe5 Ne4 39.Qh5 f5 40.Qg6 Bd5 41.Bxa6 Rf7 42.Bd3 Rf6
43.Qh5 Rh6 44.Qe2 Nc3 45.Qf1 Rg6  0-1

[Event "16th VR Bank Open"]
[Site "Apolda GER"]
[Date "2007.08.25"]
[Round "4"]
[White "Rudolf,S"]
[Black "Heimann,An"]
[Result "0-1"]
[WhiteElo "2094"]
[BlackElo "2265"]

1.e4 c5 2.Nf3 e6 3.d4 cxd4 4.Nxd4 a6 5.Bd3 Nc6 6.Nxc6 dxc6 7.Nd2 e5 8.Nc4 Nf6
9.O-O Qc7 10.a4 Be6 11.Qe2 Bc5 12.Be3 Bxe3 13.Qxe3 Bxc4 14.Bxc4 O-O 15.Rfd1 Rfd8
16.c3 h6 17.f3 a5 18.Be2 Nd7 19.Rd3 Qb6 20.Qxb6 Nxb6 21.b3 Rxd3 22.Bxd3 Rd8
23.Rd1 Kf8 24.Kf2 Ke7 25.Bc2 Rxd1 26.Bxd1 Kd6 27.Ke3 Kc5 28.Be2 Nc8 29.Kd3 b5
30.g3 Nb6 31.Bd1 Nd7 32.Bc2 Nf8 33.Kd2 bxa4 34.bxa4 Kc4 35.Bd1 Nd7 36.Kc2 Nb6
37.Be2+ Kc5 38.Kb3 Nc8 39.Kc2 Nd6 40.Kd3 Nc4 41.Kc2 g6 42.h3 Nd6 43.Kd3 f5
44.Bd1 fxe4+ 45.fxe4 Nb7 46.Bb3 Kd6 47.Bc2 Nc5+ 48.Ke3 Ke6 49.Kf3 Kf6 50.Ke3 Kg5
51.Bd1 h5 52.Bc2 h4 53.g4 Ne6 54.Bd3 Nf4 55.Bf1 Kf6 56.Kf3 Ne6 57.Bd3 Ng5+
58.Kg2 Ke7 59.Bb1 Kd6 60.Bc2 Ne6 61.Bb3 Nf4+ 62.Kh2 Ne2  0-1

[Event "LNA Copa Puma"]
[Site "Argentina ARG"]
[Date "2007.08.25"]
[Round "3"]
[White "Fiori,H"]
[Black "Giardelli,S"]
[Result "1/2-1/2"]
[WhiteElo "2170"]
[BlackElo "2378"]

1.e4 c5 2.Nf3 e6 3.d4 cxd4 4.Nxd4 a6 5.Bd3 Qb6 6.Nb3 d6 7.Nc3 Nf6 8.O-O Be7
9.Be3 Qc7 10.f4 O-O 11.Qf3 Nc6 12.a3 b5 13.Rae1 Bb7 14.Kh1 b4 15.Na4 Nd7
16.Qh3 Rfe8 17.e5 g6 18.exd6 Bxd6 19.Nac5 bxa3 20.bxa3 Nxc5 21.Nxc5 Na5 22.Nxb7 Nxb7
23.Bd4 Nc5 24.Qh6 Bf8 25.Qg5 Be7 26.Qh6 Bf8 27.Qg5 Nxd3 28.cxd3 Bg7 29.Rc1 Qd8
30.Bxg7 Kxg7 31.Qe5+ Qf6 32.d4 Red8 33.Rfd1 Rd5 34.Qe4 Rad8 35.Rc4 h5 36.g3 h4
37.Kg2 Qe7 38.Rd3 Qb7 39.g4 Qb1 40.Re3 Qd1 41.Qf3 Qa1 42.Qe4 Rxd4 43.Qe5+ Kg8
44.Rxd4 Qxd4 45.Kh3 Qxe5 46.Rxe5 Rd3+ 47.Kxh4 Rxa3 48.f5 exf5 49.gxf5 Kg7
50.fxg6 Kxg6 51.Rc5 a5 52.Kg4 f5+ 53.Kf4 Ra4+ 54.Kg3 Kg5 55.h4+ Kf6 56.Kf3 Ra1
57.Kf4 Rf1+ 58.Ke3 a4 59.Ra5 Re1+ 60.Kf3 Re4 61.h5 Kg5 62.h6 Rh4 63.Kg3  1/2-1/2

[Event "16th VR Bank Open"]
[Site "Apolda GER"]
[Date "2007.08.26"]
[Round "7"]
[White "Rudolf,S"]
[Black "Schwetje,J"]
[Result "1/2-1/2"]
[WhiteElo "2094"]
[BlackElo "2214"]

1.e4 c5 2.Nf3 e6 3.d4 cxd4 4.Nxd4 a6 5.Bd3 Bc5 6.Nb3 Ba7 7.Nc3 Nc6 8.O-O Nge7
9.Qe2 Ng6 10.Be3 O-O 11.Bxa7 Rxa7 12.Qe3 d6  1/2-1/2

[Event "15th Open"]
[Site "Nikea GRE"]
[Date "2007.08.28"]
[Round "7"]
[White "Tsiropoulas,A"]
[Black "Rigopoulos,A"]
[Result "1/2-1/2"]
[WhiteElo "2073"]
[BlackElo "1883"]

1.e4 c5 2.Nf3 e6 3.d4 cxd4 4.Nxd4 a6 5.Bd3 Bc5 6.Nb3 Be7 7.O-O Qc7 8.f4 d6
9.c4 Nd7 10.Be3 Ngf6 11.Nc3 b6 12.Qe2 Bb7 13.Rac1 Rc8 14.Bf2 O-O 15.Rfe1 g6
16.Be3 Qb8 17.f5 exf5 18.exf5 Rfe8 19.Bg5 Bf8 20.Qd2 Bg7 21.fxg6 hxg6 22.Rxe8+ Rxe8
23.Re1 Rxe1+ 24.Qxe1 Qa8 25.Bf1 d5 26.cxd5 Nxd5 27.Nxd5 Bxd5 28.Qe7 Qc6 29.Qe8+ Kh7
30.Qe2 b5 31.Qf2 Qe6 32.Nc1 Qe5 33.Be3 Qf6 34.b3 Ne5 35.Qxf6 Bxf6 36.Be2 Be4
37.a4 Bc6 38.axb5 Bxb5 39.Kf2 Kg7 40.h3 Bh4+ 41.g3 Bf6 42.Bxb5 axb5 43.Ke2 Nc6
44.Kd3 Be5 45.Bf2 Kf6 46.Ne2 Ke6 47.g4 g5 48.h4 gxh4  1/2-1/2

[Event "IRT Salomao Rovedo"]
[Site "Rio de Janeiro BRA"]
[Date "2007.09.01"]
[Round "3"]
[White "Von Buelow,G"]
[Black "Chauca,J"]
[Result "0-1"]
[WhiteElo "2354"]
[BlackElo "2133"]

1.e4 c5 2.Nf3 e6 3.d4 cxd4 4.Nxd4 a6 5.Bd3 Nc6 6.Nxc6 bxc6 7.c4 Nf6 8.O-O e5
9.Nc3 d6 10.b3 Be7 11.Bb2 O-O 12.Qe2 Qc7 13.Rad1 Bg4 14.f3 Be6 15.Qe3 Nh5
16.Ne2 h6 17.f4 Bg4 18.g3 Bf6 19.f5 Bg5 20.Qf2 Bh3 21.Rfe1 Nf6 22.Kh1 Ng4
23.Qf3 Qa7 24.Bd4 exd4 25.Nf4 Ne5 26.Qf2 Bg4 27.h4 Nxd3 28.Rxd3 Bf6 29.h5 Rfe8
30.Ng2 Be5 31.Kh2 Qe7 32.Rh1 Qg5  0-1

[Event "26th OCF NAO Fide Open"]
[Site "Stillwater USA"]
[Date "2007.09.01"]
[Round "4"]
[White "Plunkett,R"]
[Black "Ortiz,Na"]
[Result "0-1"]
[WhiteElo "2090"]
[BlackElo "2281"]

1.e4 c5 2.Nf3 e6 3.d4 cxd4 4.Nxd4 a6 5.Bd3 Bc5 6.Nb3 Ba7 7.Nc3 Ne7 8.Qe2 d6
9.Bg5 Nbc6 10.O-O-O O-O 11.f4 f6 12.Bh4 e5 13.Bc4+ Kh8 14.f5 b5 15.Bd5 b4
16.Bxc6 Nxc6 17.Nd5 a5 18.Kb1 a4 19.Nc1 Nd4 20.Qh5 b3 21.axb3 axb3 22.c3 Bb7
23.cxd4 Bxd5 24.exd5 Qa5 25.Nxb3 Qa4 26.Rd3 Bxd4 27.Nxd4 Qa2+ 28.Kc2 exd4
29.Be1 Rac8+ 30.Bc3 dxc3 31.Rxc3 Rxc3+ 32.Kxc3 Rc8+  0-1